[Event "Amber Rapidplay"]
[Site "Monaco MNC"]
[Date "2001.03.28"]
[Round "10"]
[White "Shirov,A"]
[Black "Ljubojevic,L"]
[Result "0-1"]
[WhiteElo "2718"]
[BlackElo "2566"]

1.e4 c5 2.Nf3 e6 3.d4 cxd4 4.Nxd4 Nc6 5.Nc3 Qc7 6.Be2 a6 7.O-O Nf6 8.Be3 Bb4
9.Na4 Be7 10.Nxc6 bxc6 11.Nb6 Rb8 12.Nxc8 Qxc8 13.Bd4 c5 14.Be5 Rb6 15.Qd3 d6
16.Bc3 O-O 17.b3 d5 18.exd5 Nxd5 19.Be5 Rd8 20.Qg3 Bf6 21.f4 Rb4 22.Bc4 Bxe5
23.fxe5 Qc6 24.Rf3 Ne7 25.Raf1 Nf5 26.Qf2 Rb7 27.g4 Nh6 28.h3 Rbd7 29.Rd3 Rd4
30.Qf3 Qc7 31.Qe3 a5 32.Rfd1 Rxd3 33.Rxd3 Rxd3 34.Bxd3 Kh8 35.Kf2 Ng8 36.Qe4 g6
37.Bb5 Ne7 38.c4 Kg7 39.Qf4 Ng8 40.Ke2 h6 41.h4 Qd8 42.g5 hxg5 43.hxg5 Ne7
44.Qd2 Qh8 45.Qxa5 Qh2+ 46.Kd3 Qg3+ 47.Kc2 Nf5 48.Qd8 Nd4+ 49.Kb2 Qf2+ 50.Ka3 Qd2
51.Qf6+ Kg8 52.Qd8+ Kh7 53.Qd6 Qb4+ 54.Kb2 Qd2+ 55.Ka3 Nc2+ 56.Kb2 Qf2 57.Kc1 Nd4  0-1

[Event "TCh-CHN Women"]
[Site "Suzhou, Jiangsu CHN"]
[Date "2001.03.28"]
[Round "3"]
[White "Yu Ting"]
[Black "Guo Jun"]
[Result "0-1"]
[WhiteElo "2177"]
[BlackElo "2268"]

1.e4 c5 2.Nf3 Nc6 3.d4 cxd4 4.Nxd4 e6 5.Nc3 Nf6 6.Ndb5 Bb4 7.a3 Bxc3+ 8.Nxc3 d5
9.exd5 exd5 10.Bb5 d4 11.Bxc6+ bxc6 12.Ne2 c5 13.b4 O-O 14.O-O Ba6 15.Re1 Re8
16.Bb2 Rb8 17.Nf4 Rxe1+ 18.Qxe1 Qd6 19.Qc1 cxb4 20.axb4 Qxb4 21.Rxa6 Qxb2
22.Qxb2 Rxb2 23.g3 Rxc2 24.Rxa7 Kf8 25.Ra4 Rd2 26.Kf1 Ng4 27.Ke1 Rc2 28.Rxd4 Nxh2
29.Rd8+ Ke7 30.Rg8 g6 31.Nd5+ Ke6 32.Nf4+ Kf6 33.Nd5+ Ke5 34.Ne3 Ra2 35.Rg7 Nf3+
36.Kf1 Ng5 37.Rg8 f5 38.Re8+ Kf6 39.Nd5+ Kf7 40.Re7+ Kf8 41.Re2 Ra5 42.Nf4 Ne4
43.Kg2 g5 44.Ne6+ Kf7 45.f3 Kxe6 46.fxe4 f4 47.gxf4 gxf4 48.Rb2 Ke5 49.Rb7 Kxe4
50.Rxh7 Ra2+ 51.Kf1 Ke3 52.Rf7 Kf3 53.Ke1 Ra1+ 54.Kd2 Ra8 55.Ke1 Rh8 56.Rf6 Rh1+
57.Kd2 Kg3 58.Ke2 Rh2+ 59.Kf1 Kf3 60.Ke1 Rh1+ 61.Kd2 Rf1 62.Rf8 Kg2 63.Rg8+ Kf2
64.Rf8 f3 65.Rf7 Ra1 66.Rf8 Ra7 67.Rd8 Ra4 68.Rd7 Kf1 69.Rf7 f2 70.Rf8 Rg4
71.Ke3 Rg3+ 72.Kd2 Kg1  0-1

[Event "Open"]
[Site "Bled SLO"]
[Date "2001.03.29"]
[Round "6"]
[White "Podkriznik,G"]
[Black "Susnik,M"]
[Result "0-1"]
[WhiteElo "2342"]
[BlackElo "2209"]

1.e4 c5 2.Nf3 e6 3.d4 cxd4 4.Nxd4 Nc6 5.Nc3 Qc7 6.Be3 a6 7.f4 d6 8.Qf3 Nf6
9.O-O-O Be7 10.Rg1 e5 11.Nf5 Bxf5 12.exf5 Rc8 13.Kb1 Nd4 14.Bxd4 exd4 15.Rxd4 d5
16.Bd3 Qb6 17.Ne2 Bc5 18.Qe3+ Kf8 19.c3 Re8 20.Qd2 Ne4 21.Bxe4 Bxd4 22.Nxd4 Rxe4
23.g4 Qd6 24.Rf1 h6 25.Ne2 Kg8 26.h4 Kh7 27.Ng3 Ree8 28.Qd3 Qc5 29.f6+ g6
30.Qd2 Rhf8 31.Rf3 Qg1+ 32.Kc2 Qe1 33.Qd3 d4 34.cxd4 Rc8+ 35.Kb3 Qe6+ 36.Ka3 Qxf6
37.b3 Qe7+ 38.Kb2 Qxh4 39.Ne4 Qh2+ 40.Ka3 Qc2 41.g5 Qc1+ 42.Kb4 a5+ 43.Ka4 b5+
44.Qxb5 Rb8 45.Nf6+ Kg7  0-1

[Event "TCh-FRA"]
[Site "Bordeaux FRA"]
[Date "2001.03.29"]
[Round "4"]
[White "Chevrier,T"]
[Black "Bujisho,B"]
[Result "0-1"]
[WhiteElo "2158"]
[BlackElo "2368"]

1.e4 c5 2.Nf3 e6 3.Nc3 Nc6 4.d4 cxd4 5.Nxd4 Qc7 6.Be2 a6 7.O-O Nf6 8.Be3 Bb4
9.Nxc6 bxc6 10.Bd3 d5 11.exd5 cxd5 12.Bd4 Bd6 13.Re1 Bb7 14.h3 Be7 15.a4 O-O
16.Re3 g6 17.h4 Qf4 18.Ne2 Qh6 19.Rh3 Bc8 20.Rh1 Nd7 21.h5 g5 22.c3 f5 23.c4 e5
24.cxd5 exd4 25.Nxd4 Ne5 26.Bc2 Bd6 27.Bb3 Bd7 28.Ne6 Bxe6 29.dxe6 Be7 30.Rh3 g4
31.Re3 Qg7 32.h6 Qf6 33.Qd5 Ng6 34.Rc3 Rfd8 35.Qa5 Nf4 36.Rc7 g3 37.fxg3 Ne2+
38.Kf2 Nd4 39.Bd5 Rab8 40.Qc3 Rxd5  0-1

[Event "54th ch-YUG Women"]
[Site "Herceg Novi YUG"]
[Date "2001.03.29"]
[Round "6"]
[White "Stankovic,Ma"]
[Black "Urosevic,M"]
[Result "1-0"]
[WhiteElo "2225"]
[BlackElo "2069"]

1.e4 c5 2.Nf3 e6 3.d4 cxd4 4.Nxd4 Nc6 5.Nc3 Qc7 6.Be2 a6 7.O-O Nf6 8.Kh1 Nxd4
9.Qxd4 Bc5 10.Qd3 b5 11.f4 Bb7 12.Bf3 h5 13.e5 Ng4 14.Bxb7 Qxb7 15.Ne4 Be7
16.Bd2 Rc8 17.a3 Qc6 18.Bb4 Bxb4 19.axb4 Qxc2 20.Nd6+ Kf8 21.Qd4 Rc6 22.f5 exf5
23.Rxf5 Nh6 24.Rf2 Qc1+ 25.Rf1 Qg5 26.Nxf7 Nxf7 27.Qxd7 Qe7 28.Qxc6 Rh6 29.Qc8+ Qe8
30.Rxf7+ Kxf7 31.Rf1+ Ke7 32.Qc7+ Qd7 33.Rf7+  1-0

[Event "It"]
[Site "Oakham ENG"]
[Date "2001.03.29"]
[Round "1"]
[White "Bluvshtein,M"]
[Black "Gormally,D"]
[Result "0-1"]
[WhiteElo "2287"]
[BlackElo "2505"]

1.e4 c5 2.Nf3 Nc6 3.d4 cxd4 4.Nxd4 e6 5.Nc3 Qc7 6.Be3 Nf6 7.Be2 a6 8.f4 Bb4
9.Bf3 Bxc3+ 10.bxc3 d6 11.Nxc6 bxc6 12.Bd4 e5 13.fxe5 dxe5 14.Bc5 Be6 15.O-O Rd8
16.Qe1 Nd7 17.Be3 O-O 18.Qg3 f6 19.Rfd1 Nb6 20.Bg4 Bf7 21.Be2 Na4 22.Bxa6 Qa5
23.Rxd8 Rxd8 24.Bd3 Nb2 25.Bd2 c5 26.Be1 Nxd3 27.cxd3 Qb5 28.a4 Qb2 29.Rd1 Bb3
30.Rd2 Qxc3 31.a5 Qxa5 32.d4 c4 33.d5 Qa1 34.Re2 Qd4+ 35.Bf2 Qd1+ 36.Re1 Qd2
37.Qe3 Qxe3 38.Rxe3 Ra8 39.Be1 Kf7 40.Bc3 Ra2 41.Rf3 Re2 42.Bxe5 Rxe4 43.Bc3 Re2
44.Kf1 Rc2 45.Re3 Ba4 46.Bb4 Rb2 47.Ba3 Rd2 48.d6 Bc6 49.Re7+ Kg6 50.Re2 Rd3
51.Bb4 Rb3 52.Ba5 c3 53.Ke1 Bb5 54.d7 Bxd7 55.Kf2 Bb5 56.Re1 Rb2+ 57.Kg3 Bc6
58.Rg1 Re2 59.Rc1 Rxg2+ 60.Kh3 Rg5  0-1

[Event "Open"]
[Site "Bled SLO"]
[Date "2001.03.30"]
[Round "7"]
[White "Zvan,Z"]
[Black "Lenic,L"]
[Result "0-1"]
[WhiteElo "2199"]
[BlackElo "2098"]

1.e4 c5 2.Nf3 e6 3.d4 cxd4 4.Nxd4 Nc6 5.Nc3 Bb4 6.Be3 Nf6 7.Bd3 d5 8.Nxc6 bxc6
9.e5 d4 10.exf6 dxe3 11.fxg7 exf2+ 12.Kf1 Rg8 13.Qf3 Rxg7 14.Rd1 Qb6 15.Ne4 f5
16.Qh5+ Ke7 17.Qh6 Kf7 18.Ng5+ Kg8 19.Bc4 Kh8 20.Qf6 Be7 21.Nf7+ Kg8 22.Qxe7 Ba6
23.Nh6+ Kh8 24.Qxe6 Bxc4+ 25.Qxc4 Rf8 26.Qc3 c5 27.Qd2 Rg6 28.Qc3+ Rg7 29.Kxf2 Qxh6
30.Rd3 f4 31.h4 Qg6 32.Rg1 Qg4 33.Rh3 f3 34.Rxf3 Qxh4+ 35.Ke2 Rxf3 36.Qxf3 Re7+
37.Kd2 Qd4+ 38.Qd3 Qf2+ 39.Kc3 Re3 40.Rd1 Rxd3+ 41.Rxd3 Qe1+ 42.Rd2 Kg7 43.Kd3 c4+  0-1

[Event "56th ch-YUG"]
[Site "Herceg Novi YUG"]
[Date "2001.03.30"]
[Round "7"]
[White "Pikula,D"]
[Black "Tosic,M"]
[Result "1-0"]
[WhiteElo "2513"]
[BlackElo "2519"]

1.e4 c5 2.Nf3 e6 3.d4 cxd4 4.Nxd4 Nc6 5.Nc3 d6 6.Be3 a6 7.f3 Bd7 8.Qd2 Nge7
9.Nb3 Nc8 10.a4 Be7 11.a5 O-O 12.Be2 Qc7 13.O-O Be8 14.f4 Bf6 15.Na4 N6e7
16.Nb6 Nxb6 17.axb6 Qb8 18.c4 Bc6 19.Bf3 Rd8 20.Na5 g6 21.Ra3 Be8 22.Nxb7 Qxb7
23.e5 Bc6 24.exf6 Nf5 25.Bf2 h5 26.h3 Bxf3 27.Rxf3 Qc6 28.Rc1 h4 29.b4 Rac8
30.Rd3 Re8 31.c5 e5 32.Rcc3 e4 33.cxd6 exd3 34.Rxc6 Rxc6 35.d7 Rb8 36.Bc5 Rd8
37.Qxd3 Re6 38.b7 Ng3 39.b8=Q Rxb8 40.d8=Q+ Rxd8 41.Qxd8+ Kh7 42.Bf2 Nf5
43.Kf1 Rd6 44.Qc7 Rxf6 45.Qc3 Re6 46.Qd3 Rd6 47.Qc2 Re6 48.Kg1 Rd6 49.Kh2 Re6
50.Qc4 Kg8 51.Qc8+ Kh7 52.Qf8  1-0

[Event "ch-BUL Women"]
[Site "Plovdiv BUL"]
[Date "2001.03.30"]
[Round "11"]
[White "Doncheva,M"]
[Black "Velcheva,M"]
[Result "0-1"]
[WhiteElo "2085"]
[BlackElo "2273"]

1.e4 c5 2.Nf3 e6 3.d4 cxd4 4.Nxd4 Nc6 5.Nc3 Qc7 6.Be3 a6 7.Qd2 b5 8.Bf4 Ne5
9.Ndxb5 axb5 10.Nxb5 Qb8 11.Qc3 f6 12.O-O-O Nd3+ 13.Bxd3 Qxf4+ 14.Kb1 Kf7
15.Rhf1 Ne7 16.g3 Qe5 17.Qxe5 fxe5 18.Nd6+ Kg8 19.f4 Nc6 20.Nxc8 Rxc8 21.f5 h6
22.g4 Be7 23.h4 Nb4 24.Bb5 Nc6 25.fxe6 dxe6 26.Bc4 Nd4 27.b3 Kh7 28.c3 Rxc4
29.bxc4 Rb8+ 30.Kc1 Ba3+ 31.Kd2 Rb2+ 32.Ke3 Ne2 33.Rf7 Bc5+ 34.Kf3 Nxc3 35.Rf1 Rxa2
36.g5 hxg5 37.Rc7 Bd4 38.hxg5 Re2 39.Kg4 Kg6 40.Rff7 Rxe4+ 41.Kg3 Ne2+ 42.Kh2 Rh4+
43.Kg2 e4 44.c5 Kxg5 45.c6 Nf4+ 46.Rxf4 Rxf4 47.Rd7 Be5 48.c7 Bxc7 49.Rxc7 Kf5
50.Ra7 e3 51.Ra5+ e5 52.Ra3 Ke4  0-1

[Event "TCh-CHN Men"]
[Site "Suzhou, Jiangsu CHN"]
[Date "2001.03.30"]
[Round "5"]
[White "Wang Zili"]
[Black "Liang Jinrong"]
[Result "1/2-1/2"]
[WhiteElo "2580"]
[BlackElo "2490"]

1.e4 c5 2.Nf3 Nc6 3.d4 cxd4 4.Nxd4 e6 5.Nc3 Qc7 6.g3 a6 7.Bg2 Nf6 8.O-O Nxd4
9.Qxd4 Bc5 10.Bf4 d6 11.Qd2 h6 12.Rad1 e5 13.Be3 Bg4 14.Bxc5 dxc5 15.Qd6 Rc8
16.f3 Be6 17.f4 Nd7 18.a4 Bg4 19.Rd2 Qxd6 20.Rxd6 Ke7 21.Rd2 Rhd8 22.Nd5+ Kf8
23.Ne3 Bh5 24.Rd5 exf4 25.gxf4 g6 26.e5 b5 27.Rd6 Nb8 28.Rxd8+ Rxd8 29.axb5 axb5
30.Ra1 g5 31.fxg5 hxg5 32.Ra8 Bg6 33.c3 Re8 34.Ng4 Nd7 35.Rxe8+ Kxe8 36.Bc6 Ke7
37.Bxb5 Bf5 38.Nh6 Bg6 39.Ng4 Bf5 40.Ne3 Be4 41.Bxd7 Kxd7 42.b4 cxb4 43.cxb4 Ke6
44.Ng4 Bf5 45.h3 Bxg4 46.hxg4  1/2-1/2

[Event "Bundesliga 2000-1"]
[Site "Godesberg GER"]
[Date "2001.03.31"]
[Round "12"]
[White "Movsesian,S"]
[Black "Lutz,C"]
[Result "1/2-1/2"]
[WhiteElo "2661"]
[BlackElo "2609"]

1.e4 c5 2.Nf3 e6 3.d4 cxd4 4.Nxd4 Nc6 5.Nc3 Qc7 6.Be2 a6 7.O-O Nf6 8.Kh1 Nxd4
9.Qxd4 Bc5 10.Qd3 b5 11.f4 Bb7 12.Bf3 h5 13.e5 Ng4 14.Bxb7 Qxb7 15.Ne4 Rc8
16.Bd2 Be7 17.Rae1 Qc6 18.Bc3 b4 19.Bd2 Nh6 20.c3 bxc3 21.Bxc3 Nf5 22.Qf3 h4
23.Rd1 Qb6 24.Rfe1 Rc4 25.h3 Qb5 26.Kh2 O-O 27.Nf6+ Bxf6 28.exf6 g6 29.Re5 Qc6
30.Qg4 Qc7 31.Qg5 Rxc3 32.Rxf5 Rg3 33.Qxh4 Rxg2+ 34.Kxg2 Qc2+ 35.Kg3 Qxd1
36.Re5 Qg1+ 37.Kf3 Qf1+ 38.Ke3 Qc1+ 39.Kf3 Qf1+ 40.Kg3 Qg1+ 41.Kf3 Qf1+  1/2-1/2

[Event "Bundesliga 2000-1"]
[Site "Bremen GER"]
[Date "2001.04.01"]
[Round "13"]
[White "Balzar,A"]
[Black "Heissler,J"]
[Result "0-1"]
[WhiteElo "2346"]
[BlackElo "2447"]

1.e4 c5 2.Nf3 e6 3.d4 cxd4 4.Nxd4 Nc6 5.Nc3 Qc7 6.Nxc6 bxc6 7.Bd3 Nf6 8.O-O Be7
9.Qe2 d6 10.f4 Nd7 11.Kh1 Bf6 12.Bd2 Nc5 13.Rae1 Nxd3 14.cxd3 e5 15.f5 Ba6
16.Rf3 Rd8 17.Rc1 Qb8 18.b3 Rd7 19.Nd1 Qb5 20.Nf2 Ke7 21.Ng4 h5 22.Nxf6 gxf6
23.Qe1 c5 24.h3 Bb7 25.Qh4 a5 26.Qe1 Ra8 27.Bc3 Rdd8 28.Qh4 Rh8 29.Qe1 Rhd8
30.a4 Qb6 31.Bd2 Rd7 32.Be3 Qxb3 33.Bh6 Rg8 34.Qh4 Qb2 35.Rg1 Rdd8 36.Rg3 Qf2
37.Kh2 Rxg3 38.Qxg3 Qxg3+ 39.Kxg3 Ba6 40.Rd1 Rb8 41.Kf3 Rb3 42.Ke2 Rb4 43.Kf3 Rxa4
44.g4 hxg4+ 45.Kxg4 Rxe4+ 46.dxe4 Be2+ 47.Kg3 Bxd1 48.Kf2 a4 49.Bc1 d5 50.exd5 Kd6
51.h4 Kxd5 52.Ke3 Bg4 53.Ba3 Bxf5 54.h5 Bh7 55.h6 f5 56.Bb2 Bg6 57.Ba3 f6
58.Bb2 f4+  0-1

[Event "Bundesliga 2000-1"]
[Site "Godesberg GER"]
[Date "2001.04.01"]
[Round "13"]
[White "Pachow,J"]
[Black "Hansen,Cu"]
[Result "0-1"]
[WhiteElo "2297"]
[BlackElo "2619"]

1.e4 c5 2.Nf3 e6 3.Nc3 Nc6 4.d4 cxd4 5.Nxd4 Qc7 6.Nxc6 bxc6 7.Bd3 Nf6 8.Qe2 d6
9.O-O g6 10.Bd2 Bg7 11.b4 Nd7 12.Rab1 O-O 13.a4 Bb7 14.a5 Rad8 15.Ba6 Bxa6
16.Qxa6 d5 17.exd5 cxd5 18.Nb5 Qc4 19.Qb7 Ne5 20.Na3 Qe2 21.Be3 Rd7 22.Qb5 Qxb5
23.Nxb5 Nc6 24.Rfd1 Rb8 25.Nd4 Bxd4 26.Bxd4 Nxd4 27.Rxd4 Rc7 28.Rb2 Rc5 29.f4 Rxa5
30.c4 dxc4 31.bxa5 Rxb2 32.Rxc4 Ra2 33.Rc5 h5 34.g3 a6 35.h3 Kg7 36.Kf1 Ra3
37.Kg2 Kf6 38.Kf2 Ke7 39.Kg2 Kd6 40.Rg5 Rc3  0-1

[Event "56th ch-YUG"]
[Site "Herceg Novi YUG"]
[Date "2001.04.02"]
[Round "10"]
[White "Pavlovic,Mi"]
[Black "Ivanisevic,I"]
[Result "1/2-1/2"]
[WhiteElo "2496"]
[BlackElo "2560"]

1.e4 c5 2.Nf3 e6 3.d4 cxd4 4.Nxd4 Nc6 5.Nc3 Qc7 6.Be2 a6 7.O-O Nf6 8.Kh1 Nxd4
9.Qxd4 Bc5 10.Qd3 b5 11.f4 Bb7 12.Bf3 O-O 13.e5 Ne8 14.Bxb7 Qxb7 15.f5 f6
16.Bf4 exf5 17.a4 fxe5 18.Bxe5 d6 19.axb5 axb5 20.Rxa8 Qxa8 21.Qxb5 dxe5
22.Qxc5 Qb8 23.Nd5 Qd6 24.Ne7+ Kh8 25.Qxd6 Nxd6 26.Rd1 Nc4 27.Nxf5  1/2-1/2

[Event "ch-CUB"]
[Site "Las Tunas CUB"]
[Date "2001.04.02"]
[Round "2"]
[White "Vazquez,R"]
[Black "Bruzon,L"]
[Result "0-1"]
[WhiteElo "2393"]
[BlackElo "2589"]

1.e4 c5 2.Nf3 e6 3.d4 cxd4 4.Nxd4 Nc6 5.Nc3 Qc7 6.Be3 a6 7.Bd3 b5 8.Nxc6 Qxc6
9.O-O Bb7 10.Re1 Nf6 11.Bd4 Be7 12.Qf3 b4 13.Ne2 Nxe4 14.Bxg7 Rg8 15.Bd4 Nc5
16.Qxc6 Bxc6 17.Ng3 Nxd3 18.cxd3 f5 19.f3 Kf7 20.Rac1 Rac8 21.Be5 Bg5 22.Rc4 Bb5  0-1

[Event "TCh-CHN Men"]
[Site "Suzhou, Jiangsu CHN"]
[Date "2001.04.03"]
[Round "8"]
[White "Sun Hui"]
[Black "Zhang Weida"]
[Result "1/2-1/2"]
[WhiteElo "2274"]
[BlackElo "2484"]

1.e4 c5 2.Nf3 e6 3.d4 cxd4 4.Nxd4 Nc6 5.Nc3 Qc7 6.Be3 a6 7.Bd3 Nf6 8.O-O Ne5
9.h3 Bc5 10.Qe2 d6 11.f4 Ned7 12.Kh1 b6 13.Bg1 Bb7 14.Rae1 g6 15.Rf3 e5 16.fxe5 dxe5
17.Nb3 Bxg1 18.Rxg1 O-O  1/2-1/2

[Event "TCh-CHN Women"]
[Site "Suzhou, Jiangsu CHN"]
[Date "2001.04.03"]
[Round "8"]
[White "Wang Yu"]
[Black "Liang Zhihua"]
[Result "1-0"]
[WhiteElo "2426"]
[BlackElo "2224"]

1.e4 c5 2.Nf3 e6 3.d4 cxd4 4.Nxd4 Nc6 5.Nc3 Qc7 6.Ndb5 Qb8 7.Be3 Nf6 8.Bd3 Be7
9.O-O O-O 10.Kh1 a6 11.Nd4 Ne5 12.f4 Nxd3 13.Qxd3 d6 14.a4 e5 15.Nf3 Be6
16.f5 Bd7 17.Bg5 Bc6 18.a5 Qc7 19.Nd2 Rac8 20.Bxf6 Bxf6 21.Nc4 Bxe4 22.Nxe4 Qxc4
23.Nxf6+ gxf6 24.Qxd6 Rc6 25.Qd7 Qxc2 26.Qxb7 Kh8 27.b4 Rg8 28.Rg1 Qc4 29.Qe7 Qh4
30.Qxf7 Qxb4 31.Rad1 Qg4 32.Rdf1 Qg5 33.Qd5 Rc2 34.h3 Re2 35.Qc4 Re3 36.Qc2 Qh5
37.Re1 Ra3 38.Ra1 Rag3 39.Rgf1 e4 40.Rf2 e3 41.Re2 Qh4 42.Rb1 Qd4 43.Qb2 Qd6
44.Rbe1 Qc6 45.Qb6 Qc3 46.Rxe3 Qd2 47.Qxf6+ R3g7 48.R1e2 Qxa5 49.Re8 Qd5
50.Rxg8+ Qxg8 51.Rd2  1-0

[Event "TCh-CHN Women"]
[Site "Suzhou, Jiangsu CHN"]
[Date "2001.04.04"]
[Round "9"]
[White "Wang Pin"]
[Black "Guo Jun"]
[Result "1/2-1/2"]
[WhiteElo "2506"]
[BlackElo "2268"]

1.e4 c5 2.Nf3 e6 3.d4 cxd4 4.Nxd4 Nc6 5.Nc3 Nf6 6.Ndb5 d6 7.Bf4 e5 8.Bg5 a6
9.Na3 b5 10.Bxf6 gxf6 11.Nd5 f5 12.exf5 Bxf5 13.c3 Bg7 14.Nc2 O-O 15.Nce3  1/2-1/2

[Event "56th ch-YUG"]
[Site "Herceg Novi YUG"]
[Date "2001.04.05"]
[Round "12"]
[White "Todorovic,GM"]
[Black "Ivanisevic,I"]
[Result "1-0"]
[WhiteElo "2485"]
[BlackElo "2560"]

1.e4 c5 2.Nf3 e6 3.d4 cxd4 4.Nxd4 Nc6 5.Nc3 a6 6.Nxc6 bxc6 7.Bd3 d5 8.O-O Nf6
9.Re1 Bb7 10.Bg5 h6 11.Bd2 Qc7 12.Qe2 Be7 13.b3 Nd7 14.Qh5 Nf6 15.Qh3 Bd6
16.Rad1 Be5 17.Na4 h5 18.exd5 cxd5 19.Ba5 Bxh2+ 20.Qxh2 Qxa5 21.Qd6 Nd7 22.Bg6 O-O-O
23.Re3 fxg6 24.Rc3+ Qxc3 25.Nxc3 Rhe8 26.Na4 e5 27.c4  1-0

[Event "54th ch-YUG Women"]
[Site "Herceg Novi YUG"]
[Date "2001.04.06"]
[Round "13"]
[White "Dimitrijevic,A"]
[Black "Mladenovic,J"]
[Result "0-1"]
[WhiteElo "2115"]
[BlackElo "2098"]

1.e4 c5 2.Nf3 Nc6 3.d4 cxd4 4.Nxd4 e6 5.Nc3 Qc7 6.Be3 a6 7.f4 d6 8.Be2 Nf6
9.O-O Be7 10.g4 O-O 11.g5 Nd7 12.a4 Nxd4 13.Qxd4 b6 14.f5 Bb7 15.Rf2 d5 16.exd5 Bc5
17.Qd2 exd5 18.Rd1 Ne5 19.f6 d4 20.Bxd4 Qc6  0-1

[Event "Czech Extra League 2000-1"]
[Site "CZE"]
[Date "2001.04.07"]
[Round "10"]
[White "Zvara,P"]
[Black "Chloupek,S"]
[Result "1-0"]
[WhiteElo "2326"]
[BlackElo "2326"]

1.e4 c5 2.Nf3 e6 3.d4 cxd4 4.Nxd4 Nc6 5.Nc3 Qc7 6.Be2 a6 7.O-O Nf6 8.Be3 Bb4
9.Na4 Be7 10.Nxc6 bxc6 11.Nb6 Rb8 12.Nxc8 Qxc8 13.e5 Nd5 14.Bc1 Bc5 15.c4 Ne7
16.b3 Qc7 17.Bb2 d6 18.exd6 Bxd6 19.Qd4 c5 20.Qe4 Nf5 21.Rad1 Nd4 22.Bxd4 cxd4
23.h4 Be5 24.Rfe1 Bf6 25.Bd3 g6 26.c5 O-O 27.Rc1 a5 28.g3 Rfd8 29.Rc4 Bg7
30.Kg2 e5 31.g4 Rf8 32.h5 Rbd8 33.hxg6 fxg6 34.Qe2 Rfe8 35.Be4 Bh6 36.c6 Bf4
37.Qd3 Re7 38.Rh1 Rd6 39.Rc5 Kg7 40.Qh3 h6 41.Qd3 Qc8 42.f3 h5 43.gxh5 gxh5
44.Bf5 Qc7 45.Rxh5 Rh6 46.Rxh6 Kxh6 47.Bg4 Qd6 48.Rxa5 Rc7 49.Ra8 Qf6 50.Bd7 Qg7+
51.Kf1 Be3 52.Qf5 Qg1+ 53.Ke2 d3+ 54.Kxd3  1-0

[Event "56th ch-YUG"]
[Site "Herceg Novi YUG"]
[Date "2001.04.07"]
[Round "14"]
[White "Pikula,D"]
[Black "Ivanisevic,I"]
[Result "1/2-1/2"]
[WhiteElo "2513"]
[BlackElo "2560"]

1.e4 c5 2.Nf3 e6 3.d4 cxd4 4.Nxd4 Nc6 5.Nc3 Qc7 6.Be2 a6 7.O-O Nf6 8.Kh1 Be7
9.f4 d6 10.a4 O-O 11.Be3 Re8 12.Bf3 Nxd4 13.Qxd4 e5 14.Qd2 exf4 15.Bxf4 Be6
16.Rad1 Rad8 17.Qd4 Qa5 18.h3 Nd7 19.Nd5 Bxd5 20.Qxd5 Qxa4 21.b3 Qc6 22.Qxc6 bxc6
23.Bxd6 Bxd6 24.Rxd6 Ne5 25.Rxd8 Rxd8 26.Ra1 Kf8 27.Rxa6 Rd2 28.Ra5 Nxf3
29.gxf3 Rxc2 30.b4 Ke7 31.Kg1 Rb2 32.Ra7+ Kf6  1/2-1/2

[Event "ch-UKR Women"]
[Site "Kramatorsk UKR"]
[Date "2001.04.07"]
[Round "12"]
[White "Gaponenko,I"]
[Black "Melamed,T"]
[Result "1-0"]
[WhiteElo "2383"]
[BlackElo "2292"]

1.e4 c5 2.Nf3 e6 3.d4 cxd4 4.Nxd4 Nc6 5.Nc3 Qc7 6.Be3 a6 7.Bd3 Nf6 8.O-O Ne5
9.h3 Bc5 10.Kh1 d6 11.f4 Ng6 12.Qe1 O-O 13.f5 Ne5 14.Qh4 b5 15.Rf3 exf5 16.exf5 Nxf3
17.gxf3 Bb7 18.Rg1 Bxf3+ 19.Kh2 Nh5 20.Nd5 Bxd5 21.f6 g6 22.Qxh5 Qd8 23.Qxd5 Qxf6
24.Rg3 Qe5 25.Qxe5 dxe5 26.Nb3 Bxe3 27.Rxe3 Rfe8 28.Nc5 f5 29.a4 bxa4 30.Nxa4 Kg7
31.Nc5 e4 32.Bc4 Rac8 33.b4 a5 34.Ba6 Ra8 35.Bb5 Reb8 36.Bc6 Ra7 37.b5 a4
38.Ra3 Ra5 39.c4 Kf6 40.Nd7+ Kg5 41.Nxb8  1-0

[Event "Czech Extra League 2000-1"]
[Site "CZE"]
[Date "2001.04.08"]
[Round "11"]
[White "Hracek,Z"]
[Black "Babula,V"]
[Result "1/2-1/2"]
[WhiteElo "2602"]
[BlackElo "2564"]

1.e4 c5 2.Nf3 Nc6 3.Nc3 e6 4.d4 cxd4 5.Nxd4 Nf6 6.Nxc6 bxc6 7.e5 Nd5 8.Ne4 Bb7
9.Be2 c5 10.O-O Qc7 11.Nd6+ Bxd6 12.exd6 Qc6 13.f3 Nb6 14.c4 Nc8 15.Bf4 f6
16.Bd3 Nxd6 17.Bxh7 Nxc4 18.Qd3 O-O-O 19.Qe4  1/2-1/2

[Event "32nd Open"]
[Site "Mar del Plata ARG"]
[Date "2001.04.08"]
[Round "2"]
[White "Fiorito,F"]
[Black "Caceres,S"]
[Result "1-0"]
[WhiteElo "2386"]
[BlackElo "2285"]

1.e4 c5 2.Nf3 e6 3.Nc3 Nc6 4.d4 cxd4 5.Nxd4 Qc7 6.Be3 a6 7.Bd3 Nf6 8.O-O Ne5
9.h3 Bc5 10.Na4 Ba7 11.c4 d6 12.Rc1 O-O 13.Nc3 Bd7 14.b3 Bc5 15.Bb1 h6 16.Kh1 Rac8
17.f4 Nc6 18.e5 dxe5 19.Ndb5 axb5 20.Bxc5 Rfd8 21.Bd6 Qa5 22.fxe5 Ne8 23.Qd3 g6
24.Rxf7  1-0

[Event "Open"]
[Site "Metz FRA"]
[Date "2001.04.08"]
[Round "2"]
[White "Shchekachev,A"]
[Black "Bellamine,I"]
[Result "0-1"]
[WhiteElo "2543"]
[BlackElo "2108"]

1.e4 c5 2.Nf3 Nc6 3.Nc3 e6 4.d4 cxd4 5.Nxd4 Nf6 6.a3 a6 7.Nxc6 bxc6 8.e5 Nd5
9.Ne4 Qc7 10.f4 Qb6 11.Qf3 f5 12.exf6 Nxf6 13.Nxf6+ gxf6 14.Bd2 d5 15.Bc3 Be7
16.O-O-O Bd7 17.Qh5+ Kd8 18.Qh6 Rf8 19.Qh4 a5 20.Qe1 Kc7 21.g3 c5 22.Bg2 d4
23.Bxa8 dxc3 24.Qxc3 Rxa8 25.Qd3 Bd6 26.Qxh7 Rb8 27.Rxd6 Qxb2+ 28.Kd2 Kxd6
29.Rd1 Bc6  0-1

[Event "ch-CUB"]
[Site "Las Tunas CUB"]
[Date "2001.04.09"]
[Round "9"]
[White "Leyva,R"]
[Black "Garcia Martinez,S"]
[Result "1/2-1/2"]
[WhiteElo "2400"]
[BlackElo "2378"]

1.e4 c5 2.Nf3 e6 3.d4 cxd4 4.Nxd4 Nc6 5.Nc3 Qc7 6.Be3 a6 7.Qd2 Nf6 8.f3 b5
9.Nxc6 dxc6 10.O-O-O Be7 11.g4 e5 12.h4 Be6 13.Qf2 Bb4 14.Bc5 Bxc5 15.Qxc5 Nd7
16.Qa3 Nb6 17.Qc5 Nd7 18.Qa3 Nb6 19.Qc5 Nd7 20.Qa3  1/2-1/2

[Event "32nd Open"]
[Site "Mar del Plata ARG"]
[Date "2001.04.09"]
[Round "3"]
[White "Felgaer,R"]
[Black "Loiterstein,M"]
[Result "1-0"]
[WhiteElo "2481"]
[BlackElo "2257"]

1.e4 c5 2.Nf3 e6 3.d4 cxd4 4.Nxd4 Nc6 5.Nc3 Qc7 6.g3 a6 7.Bg2 Nf6 8.O-O Nxd4
9.Qxd4 Bc5 10.Bf4 d6 11.Qd2 h6 12.Rad1 e5 13.Be3 O-O 14.Bxc5 dxc5 15.Qd6 Qxd6
16.Rxd6 Be6 17.Rfd1 Rfc8 18.f4 Rc7 19.h3 Kf8 20.a4 Ne8 21.R6d2 exf4 22.gxf4 f6
23.e5 Rb8 24.Nd5 Bxd5 25.Rxd5 Ke7 26.Be4 g5 27.Bf5 Ng7 28.Rd7+ Rxd7 29.Rxd7+ Kf8
30.Be4 fxe5 31.Bd5 Nh5 32.Rf7+ Ke8 33.Rh7 Kd8 34.fxe5 b5 35.e6 Nf6 36.e7+ Kd7
37.e8=Q+ Kxe8  1-0

[Event "Open"]
[Site "Metz FRA"]
[Date "2001.04.09"]
[Round "3"]
[White "Gallagher,Jo"]
[Black "Djingarova,E"]
[Result "1-0"]
[WhiteElo "2524"]
[BlackElo "2253"]

1.e4 c5 2.Nf3 e6 3.d4 cxd4 4.Nxd4 Nc6 5.Nc3 Qc7 6.Be2 a6 7.O-O b5 8.Nxc6 dxc6
9.f4 Bb7 10.Kh1 Be7 11.Qe1 c5 12.Bf3 b4 13.Nd1 Nf6 14.Nf2 c4 15.a3 a5 16.axb4 axb4
17.Rxa8+ Bxa8 18.Bd2 O-O 19.Bxb4 Bxb4 20.Qxb4 Rb8 21.Qc3 Qxf4 22.Qxc4 Bb7
23.Nd3 Qe3 24.Qc7 Qa7 25.e5 Ne8 26.Qe7 Qa8 27.Qxf7+  1-0

[Event "Open"]
[Site "Metz FRA"]
[Date "2001.04.10"]
[Round "4"]
[White "Senff,M"]
[Black "Bellamine,I"]
[Result "1-0"]
[WhiteElo "2443"]
[BlackElo "2108"]

1.e4 c5 2.Nc3 Nc6 3.Nge2 e6 4.d4 cxd4 5.Nxd4 Nf6 6.Ndb5 d6 7.Bf4 e5 8.Bg5 a6
9.Na3 b5 10.Bxf6 gxf6 11.Nd5 f5 12.Bd3 Be6 13.O-O Bg7 14.Qh5 f4 15.c4 b4
16.Nc2 Rb8 17.b3 a5 18.a3 bxa3 19.Rxa3 Bxd5 20.exd5 Nb4 21.Nxb4 axb4 22.Ra7 Qf6
23.Bf5 h6 24.Rxf7 Qxf7 25.Bg6 O-O 26.Bxf7+ Rxf7 27.Qg6 Rf6 28.Qe4 Rf7 29.Ra1 Rfb7
30.f3 Bf8 31.Ra6 Rb6 32.Qg6+ Kh8 33.Rxb6 Rxb6 34.Qe8 Kg7 35.Qd7+ Kg8 36.Qa7  1-0

[Event "Open"]
[Site "Metz FRA"]
[Date "2001.04.10"]
[Round "4"]
[White "Zelcic,R"]
[Black "Delchev,A"]
[Result "1/2-1/2"]
[WhiteElo "2503"]
[BlackElo "2584"]

1.e4 c5 2.Nf3 e6 3.d4 cxd4 4.Nxd4 Nc6 5.Nc3 Qc7 6.Be2 a6 7.O-O b5 8.Re1 Bd6
9.h3 Nxd4 10.Qxd4 Bh2+ 11.Kh1 Be5 12.Qe3 Nf6 13.Bd3 Bb7 14.Nd1 Nh5 15.a4 O-O
16.Qe2 Nf6 17.Bg5 Rfb8 18.axb5 axb5 19.Rxa8 Bxa8 20.Nc3 b4 21.Nb5 Qc6 22.f4 Bxb2
23.Rb1 Nxe4 24.Bxe4 Qxe4 25.Qxe4 Bxe4 26.Nd6 Bxc2 27.Rxb2 b3 28.f5 f6 29.Be3 e5
30.Kg1 Ra8 31.Bd2 Ra6 32.Bb4 Ra4 33.Bc3 Kf8 34.g4 Ke7 35.Nc8+ Kd8 36.Nb6 Ra1+
37.Kf2 Rh1 38.Kg2 Rd1 39.Nc4 Rd3 40.Ba5+ Ke8 41.Na3 Bd1 42.Nb5 d5 43.Nc7+ Kf7
44.Ne6 d4 45.Bb4 Bc2 46.Nc5 Re3 47.h4 g6 48.fxg6+ Kxg6 49.h5+ Kf7 50.Kf2 Bd1
51.Bd2 Re2+ 52.Kf1 Rh2 53.Kg1 Re2 54.Kf1 e4 55.Nxb3 e3 56.Rb1 Rf2+ 57.Ke1 Bc2
58.Bxe3 dxe3 59.Rb2 Bxb3 60.Rxb3 Rf3 61.Rb7+  1/2-1/2

[Event "Match"]
[Site "Skelleftea SWE"]
[Date "2001.04.10"]
[Round "1"]
[White "Hansen,Cu"]
[Black "Andersson,U"]
[Result "1/2-1/2"]
[WhiteElo "2619"]
[BlackElo "2640"]

1.e4 c5 2.Nf3 e6 3.d4 cxd4 4.Nxd4 Nc6 5.Nc3 a6 6.Be2 Qc7 7.O-O Nf6 8.Kh1 Nxd4
9.Qxd4 Bc5 10.Qd3 b5 11.f4 Bb7 12.Bf3 O-O 13.e5 Ne8 14.f5 f6 15.Bf4 fxe5
16.Bxb7 Qxb7 17.Bxe5 Be7 18.fxe6 dxe6 19.Rxf8+ Bxf8 20.Rf1 Be7 21.Ne4 h6
22.Qf3 Kh8 23.Qe3 Kg8  1/2-1/2